000 00281nam a22001337a 4500
008 170615b xxu||||| |||| 00| 0 eng d
020 _a2900073515051
041 _aeng
080 _a32
100 _a19
101 _aSHP
245 _aTAKING SIDES
_cMCKENNA, G
942 _2udc
_cBK
999 _c17482
_d17482